El indicador de Valladolid (Record no. 154588)

MARC details
000 -LEADER
campo de control de longitud fija 00907nam a2200217 i 4500
001 - NÚMERO DE CONTROL
campo de control 154588
003 - IDENTIFICADOR DE NÚMERO DE CONTROL
campo de control ES-MaACL
005 - FECHA Y HORA DE LA ÚLTIMA TRANSACCIÓN
campo de control 20230906205805.0
008 - DATOS DE LONGITUD FIJA--INFORMACIÓN GENERAL
campo de control de longitud fija 981001s1864 sp e |||| | spa d
040 ## - FUENTE DE CATALOGACIÓN
Centro catalogador/agencia de origen CCPB | B
Lengua de catalogación spa
Centro/agencia transcriptor CCPB | B
080 ## - NÚMERO DE LA CLASIFICACIÓN DECIMAL UNIVERSAL
Número de la Clasificación Decimal Universal 913(460.185 V.)"18"(036)
100 1# - ENTRADA PRINCIPAL--NOMBRE DE PERSONA
Nombre de persona González Moral, Mariano.
9 (RLIN) 127419
245 13 - MENCIÓN DEL TÍTULO
Título El indicador de Valladolid
Resto del título : ó sea reseña de todo lo mas notable que contiene esta ciudad, con un plano topográfico de la misma /
Mención de responsabilidad, etc. por el presbítero ... Mariano Gonzalez Moral.
260 ## - PUBLICACIÓN, DISTRIBUCIÓN, ETC.
Lugar de publicación, distribución, etc. Valladolid :
Nombre del editor, distribuidor, etc. [s.n.],
Fecha de publicación, distribución, etc. 1864 (
Fabricante Imp. y Lib. Nacional y Extranjera de H. de Rodríguez)
300 ## - DESCRIPCIÓN FÍSICA
Extensión 216, [10] p., 1 h. pleg. ;
Dimensiones 16 cm.
597 ## - NOTA DE DESCRIPCIÓN FÍSICA
NOTA DE DESCRIPCIÓN FÍSICA Port. con esc. calc. de Valladolid.
597 ## - NOTA DE DESCRIPCIÓN FÍSICA
NOTA DE DESCRIPCIÓN FÍSICA Mapa calc. de la ciudad.
651 #4 - PUNTO DE ACCESO ADICIONAL DE MATERIA--NOMBRE GEOGRÁFICO
Nombre geográfico Valladolid-
Subdivisión de forma Guías turísticas.
9 (RLIN) 161541
752 ## - ENTRADA AGREGADA--NOMBRE JERÁRQUICO DEL LUGAR
País o entidad superior España -
Ciudad Valladolid
852 ## - LOCALIZACIÓN
Ubicación ES-MaACL
Número de control de estantería D-3830(1)
Nota libre - Enc. hol.
Holdings
Estatus retirado Estado de pérdida Estado de daño No para préstamo Colección Biblioteca de origen Biblioteca actual Ubicación en estantería Fecha de adquisición Fuente de adquisición Total de préstamos Signatura topográfica completa Código de barras Visto por última vez Precio de reemplazo Tipo de ítem Koha
        Libros del s. XIX Biblioteca del Ateneo de Madrid Biblioteca del Ateneo de Madrid Sala Valle Inclán 17/01/2008     D-3830(1) 901161681 23/02/2023 23/02/2023 Libro impreso antiguo